[Event "RUS-ch U18"]
[Site "Dagomys"]
[Date "2004.04.??"]
[Round "5"]
[White "Osipovich, Oleg"]
[Black "Ponomariov, Timur"]
[Result "1/2-1/2"]
[WhiteElo "2192"]
[BlackElo "2240"]
[PlyCount "70"]
[EventDate "2004.04.??"]
[EventType "swiss"]
[EventRounds "10"]
[EventCountry "RUS"]
[SourceTitle "EXT 2005"]
[Source "ChessBase"]
[SourceDate "2004.11.15"]
[SourceVersion "1"]
[SourceVersionDate "2004.11.15"]
[SourceQuality "1"]

1. d4 d5 2. Nf3 e6 3. c4 c5 4. e3 Nf6 5. Nc3 Nc6 6. Be2 dxc4 7. Bxc4 cxd4 8. Nxd4 Nxd4 9. Qxd4 Qxd4 10. exd4 a6 11. Be2 Bd6 12. Bf3 0-0 13. 0-0 Rb8 14. Bg5 Be7 15. Bf4 Ra8 16. Na4 Nd7 17. Rac1 Bf6 18. Bd6 Re8 19. Rfd1 e5 20. dxe5 Bxe5 21. Re1 Re6 22. Ba3 g6 23. Bd5 Re8 24. Bd6 Nf6 25. Bxf7+ Kxf7 26. Rxe5 Rxe5 27. Bxe5 Nd5 28. Nc5 b6 29. Ne4 Ke6 30. Bg3 Bd7 31. Ng5+ Kf5 32. Nf7 Kf6 33. Nd6 Kg7 34. a3 Ra7 35. h3 Ba4 1/2-1/2

[Event "RUS-ch U18"]
[Site "Dagomys"]
[Date "2004.04.??"]
[Round "1"]
[White "Rjabzev, Konstantin"]
[Black "Osipovich, Oleg"]
[Result "1-0"]
[WhiteElo "2338"]
[BlackElo "2192"]
[PlyCount "63"]
[EventDate "2004.04.??"]
[EventType "swiss"]
[EventRounds "10"]
[EventCountry "RUS"]
[SourceTitle "EXT 2005"]
[Source "ChessBase"]
[SourceDate "2004.11.15"]
[SourceVersion "1"]
[SourceVersionDate "2004.11.15"]
[SourceQuality "1"]

1. e4 c5 2. Nf3 e6 3. d4 cxd4 4. Nxd4 a6 5. c4 Nf6 6. Nc3 Qc7 7. Bd3 Be7 8. f4 d6 9. 0-0 Nbd7 10. Kh1 b6 11. b4 Bb7 12. Bb2 0-0 13. Qe2 g6 14. Rac1 Rfe8 15. Nf3 Rac8 16. e5 dxe5 17. fxe5 Nh5 18. Be4 Bxe4 19. Nxe4 Bxb4 20. c5 Nxc5 21. Nd6 Rf8 22. a3 Ba5 23. Ng5 Rb8 24. Ndxf7 Qe7 25. g4 Ng7 26. Qe3 Qb7+ 27. Kg1 Qd5 28. Nh6+ Kh8 29. Qh3 Nh5 30. gxh5 Bd2 31. Nhf7+ Kg7 32. hxg6 1-0